000 00579nam a2200181 i 4500
001 102951
003 ES-MaACL
005 20251017063058.0
007 t|
008 051222s1920 sp ||||1| spa d
080 _a821.134.2-94"19"
100 0 _aBustamante y Gal, Manuel de,
_cMarqués de Solar de Mercadal
_932880
245 1 0 _aImpresiones íntimas /
_cpor Manuel de Bustamante y Gal, marqués de Solar de Mercadal.
260 _aSantander :
_b[s.n.],
_c1920.
300 _a207 p. ;
_c20 cm.
852 _aES-MaACL
_jF-9623
_bR.136540
999 _c102951
_d102951